Made in Lanús /
La Yoly y el Negro habitan una zona pobre del barrio de Lanús. En el contexto de una fuerte crisis económica, apenas llegan a fin de mes a fuerza de trabajo. Allí llegan Mabel, la hermana del Negro, y Osvaldo, su marido. Han triunfado en los Estados Unidos y vienen a proponerles la oportunidad de mi...
Guardado en:
| Autor Principal: | |
|---|---|
| Formato: | Libro |
| Idioma: | Undetermined |
| Publicado: |
Boulogne :
Cantaro,
2023.
|
| Edición: | 1a ed. |
| Series: | Identidades bonaerenses
Del Mirador ; 244 |
| Materias: | |
| Etiquetas: |
Agregar Etiqueta
Sin Etiquetas, Sea el primero en etiquetar este registro!
|
| LEADER | 01624nam a22002895a 4500 | ||
|---|---|---|---|
| 001 | CEM.cems024825 | ||
| 008 | 250718s2023####ag############000#0#und#d | ||
| 005 | 20250825095849.0 | ||
| 245 | 1 | 0 | |a Made in Lanús / |c Nelly Fernández Tiscornia. |
| 250 | |a 1a ed. | ||
| 260 | |a Boulogne : |b Cantaro, |c 2023. | ||
| 300 | |a 130 p. | ||
| 490 | 1 | |a Identidades bonaerenses | |
| 490 | 1 | |a Del Mirador ; |v 244 | |
| 500 | |a Edición especial de la Dirección de Cultura y Educación de la Provincia de Buenos Aires. | ||
| 500 | |a A partir de ciclo orientado (Requiere acompañamiento docente). | ||
| 520 | |a La Yoly y el Negro habitan una zona pobre del barrio de Lanús. En el contexto de una fuerte crisis económica, apenas llegan a fin de mes a fuerza de trabajo. Allí llegan Mabel, la hermana del Negro, y Osvaldo, su marido. Han triunfado en los Estados Unidos y vienen a proponerles la oportunidad de migrar. ¿Irse o quedarse? Ese dilema se va desgranando entre reflexiones, historias, sueños y recuerdos. Esta obra de teatro fue llevada al cine en 1987 por el director Juan José Jusid, con el título Made in Argentina. | ||
| 020 | |a 9789507536595 | ||
| 100 | 1 | |a Fernández Tiscornia, Nelly. | |
| 653 | |a Narrativa argentina | ||
| 653 | |a Literatura argentina | ||
| 653 | |a Novela argentina | ||
| 653 | |a Identidades bonaerenses | ||
| 859 | |a CEMS |b BIB. CEMS - Agricultura |h A863.4 |i F365 |p A3985.25 |t Ej.1 | ||
| 859 | |a CEMS |b BIB. CEMS - Ccias. Educacion |h A863.4 |i F365 |k CE |p 30300.25 |t Ej.1 | ||
| 859 | |a CEMS |b BIB. CEMS - 11 de abril |h A863.4 |i F365 |p 30298.25 |t Ej.1 | ||
| 859 | |a CEMS |b BIB. CEMS - 11 de abril |h A863.4 |i F365 |p 30299.25 |t Ej.2 | ||
